| 000 | 00380nam a2200145Ia 4500 | ||
|---|---|---|---|
| 999 |
_c529098 _d529098 |
||
| 005 | 20190919153151.0 | ||
| 008 | 190125s9999 xx 000 0 und d | ||
| 040 | _cDLC | ||
| 082 | _a0 | ||
| 100 |
_aSadique Salik _920958 |
||
| 245 |
_aپریشرکوکر ................ _hPressure Cooker |
||
| 260 |
_bJhangir Book Depo _aLahroe _c2010 |
||
| 300 | _a349,p. : | ||
| 942 |
_2ddc _cBK |
||